Jak dobrze znasz Blowa? - Statystyki

Ogólne statystyki
  • Ten quiz został rozwiązany 387 razy
    165 od ostatniego zresetowania
  • Średni wynik to 5 z 15
Statystyki odpowiedzi
Zagadnienie Odpowiedź % Poprawnych
Jak nazywa się Blowek Karol Gązwa
77%
Czy Blowek ma rodzeństwo Nie, jest jedyniakiem
55%
Z kim Blowek nagrał piosenkę "Znowu mam Bana" Dezy/Masterczułek
48%
W którym roku został założony kanał Blowek 2011
42%
Z którym z tych Youtuberów nie nagrywał Blowek na swoim kanale Dawid Frank
37%
Z jakim youtuberem Blowek nagrywał serie Blow vs ? Mandzio
36%
Jako który w Polsce Blowek wbił Milion subów jako drugi
34%
Jaki jest ulubiony kolor Blowka Pomarańczowy
34%
Kiedy urodził się Blowek 17 Grudnia 1996
32%
Skąd pochodzi Blowek? Strzelce Krajeńskie
29%
Pierwszy odcinek na kanale Blowka nosi tytuł Co nowego 1.5? minecraft // minecraftpl 1.5
27%
Z kim Blowek nagrał pierwszy odcinek serii (TRUDNE PYTANIA) Narina
21%
W którym miesiącu Blowek wbił pierwsze w Polsce 4 miliony subskrybcji Marzec
17%
W odcinku "Odwiedzamy ŚMIESZNE MIEJSCOWOŚCI Z OLĄ" Której z wymienionych miejscowości nie odwiedził Blowek Zimny Browar
17%
Ile odcinków nagrał z serii Minecraft Hero 61
9%
Nie znaleziono quizów pasujących do podanych kryteriów
Rozkład punktacji
Procent ludzi z każdym wynikiem
Percentyl według liczby udzielonych odpowiedzi
Twoja historia wyników
Nie rozwiązałeś tego quizu od ostatniego zresetowania